000
00273nam a2200121Ia 4500
008
190216s9999||||xx |||||||||||||| ||und||
100
_a
Dr.Vilassarang
245
0
_a
Hindi-Yenki Ke Rajyamem
260
_b
Navaroop Sahithy
300
_a
192
650
_a
Hindi
942
_c
BK
999
_c
16673
_d
16673